000
00327nam a2200133Ia 4500
005
20251222154350.0
008
251222s9999||||xx |||||||||||||| ||spa||
020
_a
978-607-15-0304-6
082
_a
572/M97
100
_a
"Murray, Robert K.y otros"
245
0
_a
Harper Bioquémica ilustrada
250
_a
28a.ed.
942
_c
LIB
999
_c
34864
_d
34864